<?xml version="1.0" encoding="UTF-8"?>
<record
    xmlns:xsi="http://www.w3.org/2001/XMLSchema-instance"
    xsi:schemaLocation="http://www.loc.gov/MARC21/slim http://www.loc.gov/standards/marcxml/schema/MARC21slim.xsd"
    xmlns="http://www.loc.gov/MARC21/slim">

  <leader>03952nam a22002897a 4500</leader>
  <controlfield tag="003">NALT</controlfield>
  <controlfield tag="005">20220906155827.0</controlfield>
  <controlfield tag="008">220524b        th ||||| |||| 00| 0 tha d</controlfield>
  <datafield tag="020" ind1=" " ind2=" ">
    <subfield code="a">9789748460734</subfield>
  </datafield>
  <datafield tag="040" ind1=" " ind2=" ">
    <subfield code="a">NALT</subfield>
  </datafield>
  <datafield tag="050" ind1=" " ind2=" ">
    <subfield code="a">JS 7402</subfield>
    <subfield code="b">&#xE18;285&#xE23; 2550</subfield>
  </datafield>
  <datafield tag="100" ind1="0" ind2=" ">
    <subfield code="a">&#xE18;&#xE40;&#xE19;&#xE28;&#xE27;&#xE23;&#xE4C; &#xE40;&#xE08;&#xE23;&#xE34;&#xE0D;&#xE40;&#xE21;&#xE37;&#xE2D;&#xE07;</subfield>
    <subfield code="9">27064</subfield>
  </datafield>
  <datafield tag="245" ind1="1" ind2="0">
    <subfield code="a">100 &#xE1B;&#xE35; &#xE01;&#xE32;&#xE23;&#xE1B;&#xE01;&#xE04;&#xE23;&#xE2D;&#xE07;&#xE17;&#xE49;&#xE2D;&#xE07;&#xE16;&#xE34;&#xE48;&#xE19;&#xE44;&#xE17;&#xE22; &#xE1E;.&#xE28;. 2440-2540 /</subfield>
    <subfield code="c">&#xE18;&#xE40;&#xE19;&#xE28;&#xE27;&#xE23;&#xE4C; &#xE40;&#xE08;&#xE23;&#xE34;&#xE0D;&#xE40;&#xE21;&#xE37;&#xE2D;&#xE07;.</subfield>
  </datafield>
  <datafield tag="250" ind1=" " ind2=" ">
    <subfield code="a">&#xE1E;&#xE34;&#xE21;&#xE1E;&#xE4C;&#xE04;&#xE23;&#xE31;&#xE49;&#xE07;&#xE17;&#xE35;&#xE48; 6.</subfield>
  </datafield>
  <datafield tag="260" ind1=" " ind2=" ">
    <subfield code="a">&#xE01;&#xE23;&#xE38;&#xE07;&#xE40;&#xE17;&#xE1E;&#xE2F; :</subfield>
    <subfield code="b">&#xE42;&#xE04;&#xE23;&#xE07;&#xE01;&#xE32;&#xE23;&#xE08;&#xE31;&#xE14;&#xE1E;&#xE34;&#xE21;&#xE1E;&#xE4C;&#xE04;&#xE1A;&#xE44;&#xE1F;,</subfield>
    <subfield code="c">2550.</subfield>
  </datafield>
  <datafield tag="300" ind1=" " ind2=" ">
    <subfield code="a">351 &#xE2B;&#xE19;&#xE49;&#xE32; :</subfield>
    <subfield code="b">&#xE15;&#xE32;&#xE23;&#xE32;&#xE07; ;</subfield>
    <subfield code="c">21 &#xE0B;&#xE21;.</subfield>
  </datafield>
  <datafield tag="505" ind1=" " ind2=" ">
    <subfield code="a">&#xE23;&#xE31;&#xE10;&#xE28;&#xE32;&#xE2A;&#xE15;&#xE23;&#xE4C;&#xE43;&#xE19;&#xE22;&#xE38;&#xE04;&#xE42;&#xE25;&#xE01;&#xE32;&#xE20;&#xE34;&#xE27;&#xE31;&#xE12;&#xE19;&#xE4C; -- &#xE17;&#xE24;&#xE29;&#xE0E;&#xE35;&#xE41;&#xE25;&#xE30;&#xE41;&#xE19;&#xE27;&#xE04;&#xE34;&#xE14;&#xE40;&#xE01;&#xE35;&#xE48;&#xE22;&#xE27;&#xE01;&#xE31;&#xE1A;&#xE01;&#xE32;&#xE23;&#xE1B;&#xE01;&#xE04;&#xE23;&#xE2D;&#xE07;&#xE17;&#xE49;&#xE2D;&#xE07;&#xE16;&#xE34;&#xE48;&#xE19; -- &#xE23;&#xE39;&#xE1B;&#xE41;&#xE1A;&#xE1A;&#xE02;&#xE2D;&#xE07;&#xE2D;&#xE07;&#xE04;&#xE4C;&#xE01;&#xE23;&#xE1B;&#xE01;&#xE04;&#xE23;&#xE2D;&#xE07;&#xE17;&#xE49;&#xE2D;&#xE07;&#xE16;&#xE34;&#xE48;&#xE19; -- &#xE01;&#xE32;&#xE23;&#xE28;&#xE36;&#xE01;&#xE29;&#xE32;&#xE40;&#xE23;&#xE37;&#xE48;&#xE2D;&#xE07;&#xE01;&#xE32;&#xE23;&#xE1B;&#xE01;&#xE04;&#xE23;&#xE2D;&#xE07;&#xE17;&#xE49;&#xE2D;&#xE07;&#xE16;&#xE34;&#xE48;&#xE19;&#xE44;&#xE17;&#xE22; -- &#xE01;&#xE32;&#xE23;&#xE1B;&#xE01;&#xE04;&#xE23;&#xE2D;&#xE07;&#xE17;&#xE49;&#xE2D;&#xE07;&#xE16;&#xE34;&#xE48;&#xE19;&#xE44;&#xE17;&#xE22;&#xE01;&#xE48;&#xE2D;&#xE19;&#xE01;&#xE32;&#xE23;&#xE1B;&#xE0F;&#xE34;&#xE23;&#xE39;&#xE1B;&#xE01;&#xE32;&#xE23;&#xE1B;&#xE01;&#xE04;&#xE23;&#xE2D;&#xE07;&#xE2A;&#xE21;&#xE31;&#xE22;&#xE23;&#xE31;&#xE0A;&#xE01;&#xE32;&#xE25;&#xE17;&#xE35;&#xE48; 5 -- 99 &#xE1B;&#xE35; &#xE02;&#xE2D;&#xE07;&#xE01;&#xE32;&#xE23;&#xE1B;&#xE01;&#xE04;&#xE23;&#xE2D;&#xE07;&#xE17;&#xE49;&#xE2D;&#xE07;&#xE16;&#xE34;&#xE48;&#xE19;&#xE44;&#xE17;&#xE22; &#xE1E;.&#xE28;. 2440 - 2539 -- &#xE27;&#xE07;&#xE08;&#xE23;&#xE2D;&#xE38;&#xE1A;&#xE32;&#xE17;&#xE27;&#xE4C; -- &#xE40;&#xE17;&#xE28;&#xE1A;&#xE32;&#xE25; -- &#xE2A;&#xE38;&#xE02;&#xE32;&#xE20;&#xE34;&#xE1A;&#xE32;&#xE25; -- &#xE2D;&#xE07;&#xE04;&#xE4C;&#xE01;&#xE32;&#xE23;&#xE1A;&#xE23;&#xE34;&#xE2B;&#xE32;&#xE23;&#xE2A;&#xE48;&#xE27;&#xE19;&#xE08;&#xE31;&#xE07;&#xE2B;&#xE27;&#xE31;&#xE14; (&#xE2D;&#xE1A;&#xE08;.) -- &#xE2A;&#xE20;&#xE32;&#xE15;&#xE33;&#xE1A;&#xE25;&#xE41;&#xE25;&#xE30;&#xE2D;&#xE07;&#xE04;&#xE4C;&#xE01;&#xE32;&#xE23;&#xE1A;&#xE23;&#xE34;&#xE2B;&#xE32;&#xE23;&#xE2A;&#xE48;&#xE27;&#xE19;&#xE15;&#xE33;&#xE1A;&#xE25; -- &#xE01;&#xE23;&#xE38;&#xE07;&#xE40;&#xE17;&#xE1E;&#xE21;&#xE2B;&#xE32;&#xE19;&#xE04;&#xE23; (&#xE01;&#xE17;&#xE21;.) -- &#xE40;&#xE21;&#xE37;&#xE2D;&#xE07;&#xE1E;&#xE31;&#xE17;&#xE22;&#xE32; -- &#xE19;&#xE42;&#xE22;&#xE1A;&#xE32;&#xE22;&#xE02;&#xE2D;&#xE07;&#xE23;&#xE31;&#xE10;&#xE1A;&#xE32;&#xE25;&#xE40;&#xE01;&#xE35;&#xE48;&#xE22;&#xE27;&#xE01;&#xE31;&#xE1A;&#xE01;&#xE32;&#xE23;&#xE1B;&#xE01;&#xE04;&#xE23;&#xE2D;&#xE07;&#xE17;&#xE49;&#xE2D;&#xE07;&#xE16;&#xE34;&#xE48;&#xE19; &#xE1E;.&#xE28;. 2475 - 2535 -- &#xE19;&#xE42;&#xE22;&#xE1A;&#xE32;&#xE22;&#xE23;&#xE31;&#xE10;&#xE1A;&#xE32;&#xE25;&#xE14;&#xE49;&#xE32;&#xE19;&#xE01;&#xE32;&#xE23;&#xE1B;&#xE01;&#xE04;&#xE23;&#xE2D;&#xE07;&#xE17;&#xE49;&#xE2D;&#xE07;&#xE16;&#xE34;&#xE48;&#xE19;&#xE02;&#xE2D;&#xE07;&#xE2A;&#xE31;&#xE07;&#xE04;&#xE21;&#xE43;&#xE19;&#xE23;&#xE30;&#xE22;&#xE30;&#xE1C;&#xE48;&#xE32;&#xE19; -- &#xE01;&#xE32;&#xE23;&#xE1B;&#xE01;&#xE04;&#xE23;&#xE2D;&#xE07;&#xE17;&#xE49;&#xE2D;&#xE07;&#xE16;&#xE34;&#xE48;&#xE19;&#xE01;&#xE31;&#xE1A;&#xE1B;&#xE31;&#xE0D;&#xE2B;&#xE32;&#xE23;&#xE39;&#xE1B;&#xE18;&#xE23;&#xE23;&#xE21;&#xE43;&#xE19;&#xE2A;&#xE31;&#xE07;&#xE04;&#xE21;&#xE44;&#xE17;&#xE22; : &#xE01;&#xE23;&#xE13;&#xE35;&#xE28;&#xE36;&#xE01;&#xE29;&#xE32;&#xE1B;&#xE23;&#xE30;&#xE40;&#xE1E;&#xE13;&#xE35;&#xE2A;&#xE07;&#xE01;&#xE23;&#xE32;&#xE19;&#xE15;&#xE4C; -- &#xE01;&#xE32;&#xE23;&#xE1B;&#xE01;&#xE04;&#xE23;&#xE2D;&#xE07;&#xE17;&#xE49;&#xE2D;&#xE07;&#xE16;&#xE34;&#xE48;&#xE19;&#xE01;&#xE31;&#xE1A;&#xE1B;&#xE31;&#xE0D;&#xE2B;&#xE32;&#xE01;&#xE32;&#xE23;&#xE04;&#xE25;&#xE31;&#xE07; -- &#xE01;&#xE32;&#xE23;&#xE40;&#xE25;&#xE37;&#xE2D;&#xE01;&#xE15;&#xE31;&#xE49;&#xE07;&#xE1C;&#xE39;&#xE49;&#xE27;&#xE48;&#xE32;&#xE2F; &#xE01;&#xE17;&#xE21;. 2539 -- &#xE27;&#xE48;&#xE32;&#xE14;&#xE49;&#xE27;&#xE22;&#xE1B;&#xE23;&#xE30;&#xE40;&#xE14;&#xE47;&#xE19;&#xE40;&#xE25;&#xE37;&#xE2D;&#xE01;&#xE15;&#xE31;&#xE49;&#xE07;&#xE1C;&#xE39;&#xE49;&#xE27;&#xE48;&#xE32;&#xE2F; -- &#xE2A;&#xE34;&#xE17;&#xE18;&#xE34;&#xE40;&#xE25;&#xE37;&#xE2D;&#xE01;&#xE15;&#xE31;&#xE49;&#xE07;&#xE01;&#xE31;&#xE1A;&#xE01;&#xE32;&#xE23;&#xE1B;&#xE01;&#xE04;&#xE23;&#xE2D;&#xE07;&#xE17;&#xE49;&#xE2D;&#xE07;&#xE16;&#xE34;&#xE48;&#xE19; -- &#xE01;&#xE32;&#xE23;&#xE01;&#xE23;&#xE30;&#xE08;&#xE32;&#xE22;&#xE2D;&#xE33;&#xE19;&#xE32;&#xE08;&#xE43;&#xE19;&#xE2A;&#xE31;&#xE07;&#xE04;&#xE21;&#xE44;&#xE17;&#xE22; : &#xE1B;&#xE21;&#xE1B;&#xE31;&#xE0D;&#xE2B;&#xE32;&#xE41;&#xE25;&#xE30;&#xE2B;&#xE31;&#xE27;&#xE02;&#xE49;&#xE2D;&#xE2A;&#xE33;&#xE2B;&#xE23;&#xE31;&#xE1A;&#xE01;&#xE32;&#xE23;&#xE28;&#xE36;&#xE01;&#xE29;&#xE32; -- &#xE1A;&#xE17;&#xE40;&#xE23;&#xE35;&#xE22;&#xE19;&#xE08;&#xE32;&#xE01;&#xE23;&#xE39;&#xE1B;&#xE41;&#xE1A;&#xE1A;&#xE02;&#xE2D;&#xE07;&#xE2D;&#xE07;&#xE04;&#xE4C;&#xE01;&#xE23;&#xE1B;&#xE01;&#xE04;&#xE23;&#xE2D;&#xE07;&#xE17;&#xE49;&#xE2D;&#xE07;&#xE16;&#xE34;&#xE48;&#xE19; &#xE43;&#xE19;&#xE1B;&#xE23;&#xE30;&#xE40;&#xE17;&#xE28;&#xE15;&#xE30;&#xE27;&#xE31;&#xE19;&#xE15;&#xE01; -- &#xE01;&#xE32;&#xE23;&#xE1B;&#xE0F;&#xE34;&#xE23;&#xE39;&#xE1B;&#xE01;&#xE32;&#xE23;&#xE1B;&#xE01;&#xE04;&#xE23;&#xE2D;&#xE07;&#xE17;&#xE49;&#xE2D;&#xE07;&#xE16;&#xE34;&#xE48;&#xE19;&#xE01;&#xE31;&#xE1A;&#xE01;&#xE32;&#xE23;&#xE1B;&#xE0F;&#xE34;&#xE23;&#xE39;&#xE1B;&#xE01;&#xE32;&#xE23;&#xE40;&#xE21;&#xE37;&#xE2D;&#xE07; -- &#xE01;&#xE23;&#xE30;&#xE41;&#xE2A;&#xE17;&#xE49;&#xE2D;&#xE07;&#xE16;&#xE34;&#xE48;&#xE19;&#xE01;&#xE31;&#xE1A;&#xE01;&#xE23;&#xE30;&#xE41;&#xE2A;&#xE42;&#xE25;&#xE01;&#xE32;&#xE20;&#xE34;&#xE27;&#xE31;&#xE12;&#xE19;&#xE4C; -- &#xE1A;&#xE17;&#xE2A;&#xE23;&#xE38;&#xE1B; : 100 &#xE1B;&#xE35;&#xE02;&#xE2D;&#xE07;&#xE01;&#xE32;&#xE23;&#xE1B;&#xE01;&#xE04;&#xE23;&#xE2D;&#xE07;&#xE17;&#xE49;&#xE2D;&#xE07;&#xE16;&#xE34;&#xE48;&#xE19;&#xE44;&#xE17;&#xE22;</subfield>
  </datafield>
  <datafield tag="650" ind1=" " ind2="4">
    <subfield code="a">&#xE1C;&#xE39;&#xE49;&#xE27;&#xE48;&#xE32;&#xE23;&#xE32;&#xE0A;&#xE01;&#xE32;&#xE23;&#xE08;&#xE31;&#xE07;&#xE2B;&#xE27;&#xE31;&#xE14;</subfield>
    <subfield code="9">35780</subfield>
    <subfield code="x">&#xE01;&#xE32;&#xE23;&#xE40;&#xE25;&#xE37;&#xE2D;&#xE01;&#xE15;&#xE31;&#xE49;&#xE07; </subfield>
  </datafield>
  <datafield tag="650" ind1=" " ind2="4">
    <subfield code="a">&#xE2A;&#xE38;&#xE02;&#xE32;&#xE20;&#xE34;&#xE1A;&#xE32;&#xE25;</subfield>
    <subfield code="9">5965</subfield>
  </datafield>
  <datafield tag="650" ind1=" " ind2="4">
    <subfield code="a">&#xE40;&#xE17;&#xE28;&#xE1A;&#xE32;&#xE25;</subfield>
    <subfield code="9">18163</subfield>
  </datafield>
  <datafield tag="650" ind1=" " ind2="4">
    <subfield code="a">&#xE2D;&#xE07;&#xE04;&#xE4C;&#xE01;&#xE32;&#xE23;&#xE1A;&#xE23;&#xE34;&#xE2B;&#xE32;&#xE23;&#xE2A;&#xE48;&#xE27;&#xE19;&#xE15;&#xE33;&#xE1A;&#xE25;</subfield>
    <subfield code="x">&#xE23;&#xE32;&#xE22;&#xE44;&#xE14;&#xE49;</subfield>
    <subfield code="9">30370</subfield>
  </datafield>
  <datafield tag="650" ind1=" " ind2="4">
    <subfield code="a">&#xE01;&#xE32;&#xE23;&#xE1B;&#xE01;&#xE04;&#xE23;&#xE2D;&#xE07;&#xE17;&#xE49;&#xE2D;&#xE07;&#xE16;&#xE34;&#xE48;&#xE19; </subfield>
    <subfield code="z">&#xE44;&#xE17;&#xE22;</subfield>
    <subfield code="9">10152</subfield>
  </datafield>
  <datafield tag="651" ind1=" " ind2="4">
    <subfield code="a">&#xE01;&#xE23;&#xE38;&#xE07;&#xE40;&#xE17;&#xE1E;&#xE21;&#xE2B;&#xE32;&#xE19;&#xE04;&#xE23;</subfield>
    <subfield code="9">41155</subfield>
  </datafield>
  <datafield tag="850" ind1=" " ind2=" ">
    <subfield code="a">NALT</subfield>
  </datafield>
  <datafield tag="942" ind1=" " ind2=" ">
    <subfield code="c">GB</subfield>
    <subfield code="2">lcc</subfield>
  </datafield>
  <datafield tag="998" ind1=" " ind2=" ">
    <subfield code="a">kornsiririn</subfield>
    <subfield code="j">7560</subfield>
    <subfield code="k"> &#xE01;&#xE23;&#xE28;&#xE34;&#xE23;&#xE34;&#xE23;&#xE34;&#xE19;&#xE17;&#xE23;&#xE4C;  &#xE23;&#xE31;&#xE15;&#xE19;&#xE2A;&#xE38;&#xE20;&#xE32;</subfield>
  </datafield>
  <datafield tag="999" ind1=" " ind2=" ">
    <subfield code="c">100142</subfield>
    <subfield code="d">100142</subfield>
  </datafield>
  <datafield tag="952" ind1=" " ind2=" ">
    <subfield code="0">0</subfield>
    <subfield code="1">0</subfield>
    <subfield code="2">lcc</subfield>
    <subfield code="4">0</subfield>
    <subfield code="7">0</subfield>
    <subfield code="8">CSEN</subfield>
    <subfield code="a">NALT</subfield>
    <subfield code="b">NALT</subfield>
    <subfield code="c">GEN</subfield>
    <subfield code="d">2022-05-24</subfield>
    <subfield code="o">JS 7402 &#xE18;285&#xE23; 2550</subfield>
    <subfield code="p">0100003380001</subfield>
    <subfield code="r">2022-09-28 00:00:00</subfield>
    <subfield code="w">2022-05-24</subfield>
    <subfield code="y">GB</subfield>
  </datafield>
</record>
